Estadísticas para 10 Megaciudades más Septentrionales

Haz click aquí para tomar la prueba!

Estadísticas generales

  • Esta prueba ha sido tomada 851 veces
  • La puntuación promedio es 7 de 10

Estadísticas de respuestas

LatitudCiudad% Correcto
55.76Moscú
94%
51.51Londres
91%
40.71Nueva York
90%
39.91Pekín
90%
35.69Tokio
90%
48.86París
86%
37.56Seúl
68%
41.01Estambul
45%
35.69Teherán
33%
39.14Tianjin
20%

Distribución de puntuación

Porcentaje por número respondido

Porcentaje de gente con cada puntuación

Historial de tus puntuaciones

No has tomado esta prueba